000 00401nam a2200157Ia 4500
003 OSt
005 20230602114441.0
008 211028s2011 xx 000 0 und d
040 _cAIMIT LIBRARY
041 _aeng
100 _aHawa, Afroz; Ruban, S.
_98254
_e091901
110 _aRuban S
_98255
245 _aMobile applications for nokia using QT.
260 _aMangalore
_c2011
942 _2ddc
_cPRO
999 _c219796
_d219796